Search the Library Catalogue
| 000 -LEADER | |
|---|---|
| fixed length control field | 00815nam a2200241Ia 4500 |
| 008 - FIXED-LENGTH DATA ELEMENTS--GENERAL INFORMATION | |
| fixed length control field | 191130s2010##################000#0#eng## |
| 020 ## - INTERNATIONAL STANDARD BOOK NUMBER | |
| ISBN | 9780199576050 |
| 082 ## - DEWEY DECIMAL CLASSIFICATION NUMBER | |
| Classification number | 34420523 BRI |
| 245 ## - TITLE STATEMENT | |
| Title | Blackstone's police operational handbook 2010 : police national legal database |
| Statement of responsibility, etc | editor, Ian Bridges ; consultant editor, Fraser Sampson |
| 260 ## - PUBLICATION, DISTRIBUTION, ETC. (IMPRINT) | |
| Place of publication | Oxford |
| Name of publisher | Oxford University Press |
| Year of publication | 2010 |
| 300 ## - PHYSICAL DESCRIPTION | |
| Number of Pages | l, 849 p. ; 19 cm |
| 500 ## - GENERAL NOTE | |
| General note | Includes Index |
| 650 ## - SUBJECT ADDED ENTRY--TOPICAL TERM | |
| Topical Term | Criminal law - England |
| Topical Term | Criminal law - Wales |
| Topical Term | Economics |
| Topical Term | Police - England - Handbooks, manuals, etc |
| Topical Term | Police - Wales - Handbooks, manuals, etc |
| 700 ## - ADDED ENTRY--PERSONAL NAME | |
| Personal name | Bridges, Ian |
| 991 ## - | |
| -- | 431041 |
| Withdrawn status | Lost status | Damaged status | Not for loan | Home library | Current library | Date acquired | Full call number | Accession Number | Price effective from | Koha item type |
|---|---|---|---|---|---|---|---|---|---|---|
| Anna Centenary Library | Anna Centenary Library | 13.10.2020 | 34420523 BRI | 153305 | 13.10.2020 | English Books | ||||
| Anna Centenary Library | Anna Centenary Library | 13.10.2020 | 34420523 BRI | 153329 | 13.10.2020 | English Books |